[Event "2.BLW 1617 SG Solingen - SG Bochum"]
[Site "?"]
[Date "2017.02.05"]
[Round "5.1"]
[White "Hendriks, Willy"]
[Black "Handke, Florian"]
[Result "0-1"]
[WhiteElo "2400"]
[BlackElo "2522"]
[PlyCount "70"]
[EventDate "2017.??.??"]

1. c4 Nf6 2. Nc3 e5 3. e3 Bb4 4. Nge2 b6 5. a3 Bxc3 6. Nxc3 Bb7 7. Be2 O-O 8.
O-O d6 9. b4 Nbd7 10. Bb2 Re8 11. d3 Nf8 12. Bf3 Bxf3 13. Qxf3 c5 14. Rab1 h6
15. g3 Qd7 16. Qg2 cxb4 17. axb4 a6 18. Ra1 Ne6 19. Ra2 Nc7 20. Rfa1 d5 21. b5
a5 22. Na4 Qe6 23. Rc1 dxc4 24. Rxc4 Nxb5 25. Qc6 Nd6 26. Nxb6 Ra6 27. Bc3 Rb8
28. Rb2 Nxc4 29. Qxe6 fxe6 30. Nxc4 Rxb2 31. Bxb2 e4 32. dxe4 Nxe4 33. f3 Nd6
34. Na3 Rc6 35. Bd4 Nf5 0-1

[Event "2.BLW 1617 SG Solingen - SG Bochum"]
[Site "?"]
[Date "2017.02.05"]
[Round "5.2"]
[White "Wegerle, Joerg"]
[Black "Kotainy, Jens"]
[Result "0-1"]
[WhiteElo "2438"]
[BlackElo "2400"]
[PlyCount "62"]
[EventDate "2017.??.??"]

1. e4 e6 2. d4 d5 3. exd5 exd5 4. Nf3 Nf6 5. Bd3 Bd6 6. O-O O-O 7. Bg5 Bg4 8.
Nbd2 c5 9. dxc5 Bxc5 10. h3 Bh5 11. Nb3 Bb6 12. Be2 Nc6 13. c3 Re8 14. Nbd4 h6
15. Be3 Ne4 16. Nxc6 bxc6 17. Nd4 Bxe2 18. Qxe2 c5 19. Nf5 Qf6 20. Qf3 d4 21.
cxd4 cxd4 22. Bc1 d3 23. Be3 Bxe3 24. Nxe3 Qxb2 25. Rab1 Qxa2 26. Rb7 Nd2 27.
Qg4 Rxe3 28. fxe3 Nxf1 29. Kxf1 Qa1+ 30. Kf2 d2 31. Qd7 Qe1+ 0-1

[Event "2.BLW 1617 SG Solingen - SG Bochum"]
[Site "?"]
[Date "2017.02.05"]
[Round "5.3"]
[White "Goudriaan, Etienne"]
[Black "Schroeder, Kevin"]
[Result "1-0"]
[WhiteElo "2360"]
[BlackElo "2300"]
[PlyCount "93"]
[EventDate "2017.??.??"]

1. d4 Nf6 2. c4 e6 3. Nf3 Bb4+ 4. Nc3 b6 5. Qc2 Bb7 6. a3 Be4 7. Qb3 Ba5 8. Bg5
h6 9. Bh4 g5 10. Bg3 Bh7 11. Nd2 O-O 12. e3 d5 13. Qa4 Bxc3 14. bxc3 c5 15. h4
Qd7 16. Qd1 Nc6 17. hxg5 hxg5 18. Qf3 Qe7 19. Rh6 Bf5 20. cxd5 Nxd5 21. e4 Kg7
22. exd5 exd5+ 23. Kd1 Kxh6 24. Qxf5 Qe6 25. Qxe6+ fxe6 26. dxc5 bxc5 27. Kc2
c4 28. Be2 e5 29. Rh1+ Kg7 30. Bf3 e4 31. Bg4 Rh8 32. Rb1 Kf6 33. Rb5 Rhd8 34.
Bc7 Ne5 35. Nxe4+ dxe4 36. Bxe5+ Kg6 37. Rc5 e3 38. Rc6+ Kf7 39. Rc7+ Kg6 40.
fxe3 Rf8 41. Rxc4 Rf2+ 42. Kb3 Re8 43. Rc6+ Kh7 44. Bd4 Rxg2 45. Bf5+ Kg8 46.
Rc7 a5 47. Bh7+ 1-0

[Event "2.BLW 1617 SG Solingen - SG Bochum"]
[Site "?"]
[Date "2017.02.05"]
[Round "5.4"]
[White "Schaefer, Markus"]
[Black "Schlawin, Marlon"]
[Result "1/2-1/2"]
[WhiteElo "2399"]
[BlackElo "2345"]
[PlyCount "40"]
[EventDate "2017.??.??"]

1. e4 Nf6 2. e5 Nd5 3. d4 d6 4. Nf3 Nb6 5. exd6 cxd6 6. d5 N8d7 7. a4 Nf6 8.
Nc3 g6 9. a5 Nbd7 10. a6 Bg7 11. Nd4 O-O 12. Nb3 Nb6 13. Be2 bxa6 14. O-O Qc7
15. Re1 Bb7 16. Bf3 Nc4 17. Ra4 Rfe8 18. g3 Nd7 19. Nd4 Ndb6 20. Ra2 Ne5
1/2-1/2

[Event "2.BLW 1617 SG Solingen - SG Bochum"]
[Site "?"]
[Date "2017.02.05"]
[Round "5.5"]
[White "Hengelbrock, Joachim"]
[Black "Schlecht, Daniel"]
[Result "1/2-1/2"]
[WhiteElo "2310"]
[BlackElo "2376"]
[PlyCount "44"]
[EventDate "2017.??.??"]

1. c4 c6 2. d4 d5 3. cxd5 cxd5 4. Nc3 Nf6 5. e3 Nc6 6. Bd3 a6 7. f4 Bg4 8. Nf3
e6 9. O-O Be7 10. Bd2 O-O 11. Rc1 Rc8 12. Be1 Na5 13. h3 Bxf3 14. Qxf3 Nc4 15.
Rf2 b5 16. Rfc2 Qd7 17. g4 Rfd8 18. Ne2 Qb7 19. Nc3 Ne8 20. Ne2 Nf6 21. Nc3 Ne8
22. Ne2 Nf6 1/2-1/2

[Event "2.BLW 1617 SG Solingen - SG Bochum"]
[Site "?"]
[Date "2017.02.05"]
[Round "5.6"]
[White "Hobusch, Jan"]
[Black "Werthebach, Felix"]
[Result "0-1"]
[WhiteElo "2257"]
[BlackElo "2144"]
[PlyCount "80"]
[EventDate "2017.??.??"]

1. d4 f5 2. Bf4 d6 3. e3 Nf6 4. Bd3 g6 5. h4 Bg7 6. h5 Nxh5 7. Rxh5 gxh5 8.
Qxh5+ Kf8 9. Bxf5 Nc6 10. Bxc8 Qxc8 11. Nf3 Qe8 12. Qh3 e5 13. Bh6 Qg6 14.
Bxg7+ Qxg7 15. dxe5 dxe5 16. Nc3 Rd8 17. Nd2 h5 18. O-O-O Qg4 19. Qh1 Rh7 20.
Nce4 Rf7 21. c3 b6 22. f3 Qg6 23. Qh4 Rd3 24. g4 hxg4 25. Rg1 Rh7 26. Qf2 Qh6
27. Rxg4 Qxe3 28. Qg2 Ne7 29. Kc2 Rd8 30. Ng5 Rh6 31. Nde4 Qd3+ 32. Kb3 b5 33.
a3 Qc4+ 34. Kc2 Qd3+ 35. Kb3 Qc4+ 36. Kc2 Qa4+ 37. Kb1 Qb3 38. Nd2 Qd1+ 39. Ka2
Qxd2 40. Qg3 Qd5+ 0-1

[Event "2.BLW 1617 SG Solingen - SG Bochum"]
[Site "?"]
[Date "2017.02.05"]
[Round "5.7"]
[White "Baltic, Fatih"]
[Black "Michalczak, Thomas"]
[Result "1/2-1/2"]
[WhiteElo "2242"]
[BlackElo "2246"]
[PlyCount "30"]
[EventDate "2017.??.??"]

1. e4 c5 2. Nf3 d6 3. d4 cxd4 4. Nxd4 Nf6 5. Nc3 a6 6. Bg5 e6 7. f4 h6 8. Bh4
Qb6 9. Bxf6 gxf6 10. Qd2 Qxb2 11. Nb3 Qa3 12. Be2 h5 13. O-O Nc6 14. Nb1 Qb4
15. Qe3 f5 {(=)} 1/2-1/2

[Event "2.BLW 1617 SG Solingen - SG Bochum"]
[Site "?"]
[Date "2017.02.05"]
[Round "5.8"]
[White "Berg, Michael"]
[Black "Tkachuk, Sergij"]
[Result "1-0"]
[WhiteElo "2308"]
[BlackElo "2191"]
[PlyCount "171"]
[EventDate "2017.??.??"]

1. d4 Nf6 2. c4 g6 3. Nc3 Bg7 4. e4 d6 5. Nf3 O-O 6. Be2 e5 7. O-O Nc6 8. d5
Ne7 9. Ne1 Ne8 10. Nd3 f5 11. Bd2 f4 12. Bg4 h5 13. Bxc8 Rxc8 14. f3 g5 15. Rc1
Ng6 16. Nb5 a6 17. Na3 Rf7 18. b4 Bf8 19. Rc3 Rg7 20. Nf2 b6 21. Nc2 Nh4 22. h3
Nf6 23. Qe2 Ra8 24. Rb3 Qd7 25. Ne1 Be7 26. Kh2 Kf7 27. Rg1 g4 28. fxg4 hxg4
29. g3 f3 30. Qf1 Ng6 31. Bg5 Rh8 32. Nxf3 gxf3 33. Rxf3 Nf8 34. Bxf6 Bxf6 35.
c5 bxc5 36. bxc5 Nh7 37. cxd6 cxd6 38. Qxa6 Ng5 39. Rf5 Kg6 40. Rf1 Rf7 41. Kg2
Bg7 42. h4 Nxe4 43. Rxf7 Qxf7 44. Nxe4 Qxd5 45. Qxd6+ Qxd6 46. Nxd6 Ra8 47. Rf2
Ra3 48. Re2 Rd3 49. Ne4 Kf5 50. Nf2 Ra3 51. g4+ Kg6 52. Ne4 Bf8 53. h5+ Kh6 54.
Kf2 Bb4 55. Rb2 Bc3 56. Rb6+ Kh7 57. Nxc3 Rxc3 58. Re6 Rc2+ 59. Kf3 Rxa2 60.
Rxe5 Kh6 61. Kf4 Rf2+ 62. Kg3 Rf1 63. Re6+ Kh7 64. Kh4 Ra1 65. Re7+ Kg8 66. Kg5
Ra6 67. Kf5 Kf8 68. Re6 Ra4 69. Rb6 Kg7 70. Rb7+ Kg8 71. Rb5 Ra6 72. g5 Kg7 73.
Rb7+ Kg8 74. g6 Ra5+ 75. Kf6 Ra6+ 76. Kg5 Ra5+ 77. Kh6 Ra8 78. Rg7+ Kh8 79. Rf7
Kg8 80. Kg5 Ra1 81. h6 Rg1+ 82. Kf6 Rf1+ 83. Ke7 Re1+ 84. Kd7 Rh1 85. h7+ Kh8
86. Rf8+ 1-0

[Event "2.BLW 1617 Hansa Dortmund - SV Mülheim "]
[Site "?"]
[Date "2017.02.05"]
[Round "5.1"]
[White "Zelbel, Patrick"]
[Black "Berg, Emanuel"]
[Result "1-0"]
[WhiteElo "2436"]
[BlackElo "2572"]
[PlyCount "51"]
[EventDate "2017.??.??"]

1. e4 c5 2. c3 d5 3. exd5 Nf6 4. Qa4+ Nbd7 5. c4 e6 6. dxe6 fxe6 7. Nc3 Bd6 8.
Nf3 O-O 9. Be2 Ne5 10. Qd1 Nfg4 11. d3 Nxf3+ 12. Bxf3 Nxh2 13. Be4 Qh4 14. Be3
g6 15. g3 Bxg3 16. fxg3 Qxg3+ 17. Kd2 e5 18. Qg1 Nf3+ 19. Bxf3 Qxf3 20. Qh2 h5
21. Raf1 Qxf1 22. Rxf1 Rxf1 23. Qg2 Rf6 24. Nd5 Ra6 25. Nc7 Rb6 26. Qd5+ 1-0

[Event "2.BLW 1617 Hansa Dortmund - SV Mülheim "]
[Site "?"]
[Date "2017.02.05"]
[Round "5.2"]
[White "Markus, Robert"]
[Black "Warmerdam, Max"]
[Result "1-0"]
[WhiteElo "2665"]
[BlackElo "2350"]
[PlyCount "57"]
[EventDate "2017.??.??"]

1. d4 Nf6 2. c4 g6 3. Nf3 Bg7 4. g3 c6 5. Bg2 d5 6. Na3 O-O 7. O-O dxc4 8. Nxc4
Be6 9. b3 Bd5 10. Bb2 a5 11. e3 Ne4 12. Qc2 Nd7 13. Ne1 Ng5 14. e4 Bxc4 15.
bxc4 Ne6 16. Nf3 c5 17. d5 Nd4 18. Nxd4 cxd4 19. Rad1 Qb6 20. Qd2 Rfc8 21. Bxd4
Bxd4 22. Qxd4 Rc7 23. Qxb6 Nxb6 24. c5 Na4 25. d6 Rcc8 26. dxe7 Re8 27. c6 bxc6
28. e5 Rac8 29. Bxc6 1-0

[Event "2.BLW 1617 Hansa Dortmund - SV Mülheim "]
[Site "?"]
[Date "2017.02.05"]
[Round "5.3"]
[White "Beerdsen, Thomas"]
[Black "Heberla, Bartlomiej"]
[Result "0-1"]
[WhiteElo "2413"]
[BlackElo "2556"]
[PlyCount "114"]
[EventDate "2017.??.??"]

1. e4 c5 2. Nf3 Nc6 3. d4 cxd4 4. Nxd4 g6 5. Nc3 Bg7 6. Nf3 Nf6 7. Bc4 O-O 8.
O-O d6 9. h3 b6 10. Bg5 Bb7 11. Re1 Rc8 12. Nd5 e6 13. Nc3 h6 14. Bh4 Ne7 15.
Qe2 Nh5 16. Nd2 Nf4 17. Qf1 g5 18. Bg3 Neg6 19. Rad1 Bxc3 20. bxc3 Qf6 21. Re3
Rfd8 22. Ba6 Bxa6 23. Qxa6 Ne5 24. Qxa7 d5 25. Qxb6 dxe4 26. Qb1 Rxd2 27. Rxd2
Nc4 28. Qe1 Nxd2 29. Qxd2 Rc4 30. Re1 Nd5 31. Rb1 Qxc3 32. Rb8+ Kh7 33. Qe2 e3
34. Rb7 Kg6 35. Qf3 exf2+ 36. Qxf2 Nf4 37. Bxf4 Rxf4 38. Qe2 Qd4+ 39. Kh2 Rf2
40. Qd3+ Qxd3 41. cxd3 Rxa2 42. Kg3 h5 43. Kf3 h4 44. Rb8 Rd2 45. Rb3 Kf5 46.
Rb5+ e5 47. Rb7 f6 48. Rd7 Rxd3+ 49. Rxd3 e4+ 50. Ke3 exd3 51. Kxd3 Kf4 52. Ke2
Kg3 53. Kf1 f5 54. Kg1 f4 55. Kf1 f3 56. Kg1 g4 57. hxg4 fxg2 0-1

[Event "2.BLW 1617 Hansa Dortmund - SV Mülheim "]
[Site "?"]
[Date "2017.02.05"]
[Round "5.4"]
[White "Mainka, Romuald"]
[Black "Hausrath, Daniel"]
[Result "1/2-1/2"]
[WhiteElo "2408"]
[BlackElo "2483"]
[PlyCount "41"]
[EventDate "2017.??.??"]

1. e4 c5 2. Nf3 Nc6 3. Bb5 Qc7 4. O-O a6 5. Bxc6 dxc6 6. d3 e5 7. Be3 Bd6 8.
Nfd2 Ne7 9. Nc4 Ng6 10. Nxd6+ Qxd6 11. Nd2 Be6 12. a4 a5 13. Nc4 Bxc4 14. dxc4
Qe7 15. Qd3 Nf8 16. Qe2 Ne6 17. c3 O-O 18. Rfd1 Rad8 19. g3 f6 20. Bc1 Rfe8 21.
Kg2 1/2-1/2

[Event "2.BLW 1617 Hansa Dortmund - SV Mülheim "]
[Site "?"]
[Date "2017.02.05"]
[Round "5.5"]
[White "Rezasade, Amir"]
[Black "Wegener, Olaf"]
[Result "1/2-1/2"]
[WhiteElo "2320"]
[BlackElo "2439"]
[PlyCount "82"]
[EventDate "2017.??.??"]

1. Nf3 Nf6 2. g3 d5 3. Bg2 c6 4. O-O Bg4 5. d3 Nbd7 6. Nbd2 e5 7. h3 Bh5 8. e4
dxe4 9. dxe4 Bc5 10. Qe1 O-O 11. Nc4 Re8 12. b4 Bf8 13. Bb2 Qc7 14. Nh4 b5 15.
Ne3 a5 16. g4 Bg6 17. Nxg6 hxg6 18. a3 g5 19. c4 axb4 20. axb4 Rxa1 21. Bxa1
bxc4 22. Nxc4 Rb8 23. Bc3 c5 24. bxc5 Bxc5 25. Ne3 Bxe3 26. Qxe3 Nf8 27. Bd2
Ne6 28. Rc1 Qd6 29. Ba5 Ra8 30. Qd2 Qe7 31. Bb6 Nf4 32. Be3 Rd8 33. Qc2 Nh7 34.
Qc7 Qxc7 35. Rxc7 Ne6 36. Rc1 Nhf8 37. Bf1 Ng6 38. Bc4 Ngf4 39. Kh2 g6 40. Rb1
Kg7 41. Rb7 Rf8 {(=)} 1/2-1/2

[Event "2.BLW 1617 Hansa Dortmund - SV Mülheim "]
[Site "?"]
[Date "2017.02.05"]
[Round "5.6"]
[White "Kalka, Arkadius Georg"]
[Black "Buckels, Valentin"]
[Result "0-1"]
[WhiteElo "2334"]
[BlackElo "2309"]
[PlyCount "142"]
[EventDate "2017.??.??"]

1. e4 e5 2. Nf3 Nc6 3. Bb5 a6 4. Ba4 Nf6 5. d3 b5 6. Bb3 Bc5 7. O-O d6 8. c3 h6
9. Nbd2 O-O 10. Re1 Bb6 11. Nf1 Ne7 12. Nh4 Bg4 13. Qd2 Qd7 14. d4 exd4 15.
cxd4 Nc6 16. e5 Ba5 17. Qe3 dxe5 18. dxe5 Rfe8 19. Bd2 Rxe5 20. Qf4 Bxd2 21.
Qxd2 Qxd2 22. Nxd2 Rd8 23. Ndf3 Rxe1+ 24. Rxe1 Re8 25. Rc1 Na5 26. h3 Nxb3 27.
axb3 Bd7 28. Nd4 Rc8 29. Ra1 Ra8 30. Rc1 Ne8 31. Nhf5 Kf8 32. f4 Rc8 33. b4 a5
34. Rc5 axb4 35. Nxb5 c6 36. Nbd4 Rc7 37. g4 Nf6 38. Nb5 Rb7 39. Nbd6 Ra7 40.
Nd4 Ra1+ 41. Kf2 Rd1 42. Ke3 Nd5+ 43. Ke4 Re1+ 44. Kd3 Nxf4+ 45. Kc2 Rc1+ 46.
Kxc1 Nd3+ 47. Kd2 Nxc5 48. Nc2 Ke7 49. Nf5+ Bxf5 50. gxf5 Na6 51. Ke3 Kf6 52.
Kf4 b3 53. Ne3 h5 54. Nc4 Nb4 55. h4 Nd3+ 56. Ke4 Nf2+ 57. Kf4 Ng4 58. Nd2 Ke7
59. Nxb3 Kd6 60. Na5 Kd5 61. Nb7 f6 62. Nd8 Ne5 63. b3 c5 64. Ne6 g6 65. Nf8
gxf5 66. Kxf5 Ng4 67. Nd7 Kd4 68. Kg6 Ne5+ 69. Kxf6 Nxd7+ 70. Kg5 Kc3 71. Kxh5
Kxb3 0-1

[Event "2.BLW 1617 Hansa Dortmund - SV Mülheim "]
[Site "?"]
[Date "2017.02.05"]
[Round "5.7"]
[White "Kahleys, Kevin"]
[Black "Ackermann, Hans Werner"]
[Result "1/2-1/2"]
[WhiteElo "2205"]
[BlackElo "2367"]
[PlyCount "126"]
[EventDate "2017.??.??"]

1. Nf3 d6 2. d4 g6 3. g3 Bg7 4. Bg2 Nc6 5. c4 e5 6. dxe5 dxe5 7. Qxd8+ Nxd8 8.
Nc3 Be6 9. Nb5 Kd7 10. Bg5 Nc6 11. Rd1+ Kc8 12. b3 h6 13. Bc1 Nge7 14. O-O g5
15. e4 Ng6 16. Ne1 Bf8 17. Nc2 Nb4 18. Nxb4 Bxb4 19. Ba3 Bxa3 20. Nxa3 c6 21.
Rd2 a5 22. c5 Kc7 23. Rfd1 a4 24. b4 Rad8 25. Bf3 Ne7 26. Rxd8 Rxd8 27. Rxd8
Kxd8 28. Bd1 Bxa2 29. Bxa4 Ng8 30. f3 Kc7 31. Kf2 Nf6 32. Ke3 Nd7 33. Bc2 b5
34. cxb6+ Nxb6 35. Bd3 f6 36. Kd2 Be6 37. Be2 Nc8 38. Bc4 Bd7 39. Nc2 Nd6 40.
Bd3 Be6 41. Na3 Bb3 42. Nc2 Bxc2 43. Kxc2 Kb6 44. Kc3 Kc7 45. Kd2 Nc8 46. Bc4
Nb6 47. Kc3 Kd6 48. Bf7 Na8 49. Kd3 Nc7 50. Bc4 Ke7 51. Kc3 Kd6 52. Kd3 Na8 53.
Bf7 Nb6 54. Kc3 c5 55. Be8 Na8 56. Bf7 Nc7 57. Kc4 cxb4 58. Kxb4 Na6+ 59. Kb5
Nc5 60. Kc4 Kc6 61. Be8+ Kd6 62. Bf7 Kc6 63. Be8+ Kd6 1/2-1/2

[Event "2.BLW 1617 Hansa Dortmund - SV Mülheim "]
[Site "?"]
[Date "2017.02.05"]
[Round "5.8"]
[White "Kotter, Ralf"]
[Black "van Osch, Mees"]
[Result "1-0"]
[WhiteElo "2377"]
[BlackElo "2355"]
[PlyCount "109"]
[EventDate "2017.??.??"]

1. e4 e6 2. d4 d5 3. e5 c5 4. c3 Nc6 5. Nf3 Qb6 6. a3 Nh6 7. b4 cxd4 8. Bxh6
gxh6 9. cxd4 Bd7 10. Ra2 Rg8 11. h3 h5 12. g3 h4 13. g4 h5 14. g5 Ne7 15. Bd3
Bb5 16. Nc3 Bxd3 17. Qxd3 Rc8 18. Rc2 Rc4 19. Rg1 a5 20. bxa5 Qxa5 21. Nd2 Rc8
22. Nb3 Qxa3 23. Qb5+ Nc6 24. Qxb7 Qa8 25. Qxa8 Rxa8 26. Nxd5 exd5 27. Rxc6 Kd7
28. Rc2 Ra3 29. Nc1 Rxh3 30. Ke2 Be7 31. f4 Ra8 32. Nd3 Ra3 33. Rd2 Rh2+ 34.
Nf2 Rg3 35. Rh1 Rxh1 36. Nxh1 Rg1 37. Nf2 Ke6 38. Rd1 Rxd1 39. Nxd1 Ba3 40. Ne3
Bb2 41. f5+ Kd7 42. g6 fxg6 43. fxg6 h3 44. Kf3 Ke6 45. g7 Kf7 46. Nf5 Bxd4 47.
Nxd4 Kxg7 48. Kg3 Kf7 49. Kxh3 Kg6 50. Kg3 Kg7 51. Kf4 Kg6 52. Nf3 Kf7 53. Kf5
Ke7 54. Nd4 Ke8 55. Kg5 1-0

[Event "2.BLW 1617 SV Würselen - SV Hofheim"]
[Site "?"]
[Date "2017.02.05"]
[Round "5.1"]
[White "Schroeder, Jan-Christian"]
[Black "Chatalbashev, Boris"]
[Result "0-1"]
[WhiteElo "2550"]
[BlackElo "2551"]
[PlyCount "84"]
[EventDate "2017.??.??"]

1. e4 d6 2. d4 Nf6 3. Nc3 g6 4. f4 Bg7 5. Nf3 O-O 6. Bd3 Nc6 7. e5 dxe5 8. fxe5
Nh5 9. Be3 Bg4 10. Be2 f6 11. exf6 exf6 12. Qd2 Ne7 13. Bd3 Bxf3 14. gxf3 Qd7
15. Ne4 Nd5 16. Bc4 Kh8 17. O-O-O f5 18. Nc3 Nxe3 19. Qxe3 Rfe8 20. Qd2 a6 21.
Kb1 b5 22. Bb3 Rad8 23. Nd5 c6 24. Nf4 Nxf4 25. Qxf4 c5 26. c3 cxd4 27. cxd4
Bxd4 28. h4 Re2 29. Rd2 Rxd2 30. Qxd2 Bf6 31. Qxd7 Rxd7 32. h5 Kg7 33. h6+ Kf8
34. Rc1 Bg5 35. Rc8+ Ke7 36. Rc6 Ra7 37. Bg8 Bxh6 38. Bxh7 Kd7 39. Rf6 Ke7 40.
Rb6 Bf4 41. Kc2 Kf8 42. Bxg6 Be3 0-1

[Event "2.BLW 1617 SV Würselen - SV Hofheim"]
[Site "?"]
[Date "2017.02.05"]
[Round "5.2"]
[White "Fridman, Rafael"]
[Black "Savchenko, Stanislav"]
[Result "1/2-1/2"]
[WhiteElo "2466"]
[BlackElo "2469"]
[PlyCount "79"]
[EventDate "2017.??.??"]

1. d4 d5 2. c4 c6 3. cxd5 cxd5 4. Nc3 Nf6 5. Nf3 Nc6 6. Bf4 Bf5 7. e3 e6 8. Qb3
Bb4 9. Bb5 O-O 10. Bxc6 Bxc3+ 11. Qxc3 Rc8 12. Ne5 Ng4 13. Nxg4 Bxg4 14. Qb4
Rxc6 15. Qxb7 Qc8 16. Qxc8 Rfxc8 17. O-O a5 18. b3 f6 19. h4 Kf7 20. Rfb1 Bf5
21. Rb2 Bd3 22. Rd1 Rc1 23. Rbd2 Bf5 24. Bd6 R8c2 25. Rxc1 Rxc1+ 26. Kh2 Rc2
27. Rxc2 Bxc2 28. Kg1 Bb1 29. a3 Bc2 30. b4 axb4 31. Bxb4 e5 32. Kf1 Bd3+ 33.
Ke1 Bb5 34. Kd2 e4 35. Kc3 Bf1 36. g3 g5 37. a4 Ke6 38. a5 g4 39. Bf8 Kd7 40.
Kb4 1/2-1/2

[Event "2.BLW 1617 SV Würselen - SV Hofheim"]
[Site "?"]
[Date "2017.02.05"]
[Round "5.3"]
[White "Ginsburg, Gennadi"]
[Black "Geiernaert, Steven"]
[Result "1/2-1/2"]
[WhiteElo "2473"]
[BlackElo "2449"]
[PlyCount "64"]
[EventDate "2017.??.??"]

1. e4 e5 2. Nf3 Nc6 3. Nc3 Nf6 4. Bb5 Bb4 5. O-O O-O 6. d3 d6 7. Bg5 Ne7 8.
Bxf6 gxf6 9. d4 c6 10. Bd3 Bxc3 11. bxc3 Ng6 12. a4 Kh8 13. Qd2 Rg8 14. Qe3 Nf4
15. g3 Bh3 16. Rfd1 Qc8 17. Bc4 Bg2 18. dxe5 dxe5 19. Rd6 Qg4 20. Ne1 Bxe4 21.
f3 Nh3+ 22. Kg2 Nf4+ 23. Kg1 Nh3+ 24. Kh1 Bxf3+ 25. Qxf3 Qxc4 26. Qxf6+ Rg7 27.
Rd8+ Rxd8 28. Qxd8+ Rg8 29. Qf6+ Rg7 30. Qd8+ Rg8 31. Qf6+ Rg7 32. Qd8+ Rg8
1/2-1/2

[Event "2.BLW 1617 SV Würselen - SV Hofheim"]
[Site "?"]
[Date "2017.02.05"]
[Round "5.4"]
[White "Klyuner, Vyacheslav"]
[Black "Lobzhanidze, Davit"]
[Result "1/2-1/2"]
[WhiteElo "2439"]
[BlackElo "2430"]
[PlyCount "28"]
[EventDate "2017.??.??"]

1. e4 e5 2. Nf3 Nc6 3. Bb5 a6 4. Bxc6 dxc6 5. d4 exd4 6. Qxd4 Qxd4 7. Nxd4 Bd7
8. Nc3 O-O-O 9. Be3 Ne7 10. O-O-O Ng6 11. f3 Ne5 12. Bf4 Ng6 13. Be3 Ne5 14.
Bf4 Ng6 {(=)} 1/2-1/2

[Event "2.BLW 1617 SV Würselen - SV Hofheim"]
[Site "?"]
[Date "2017.02.05"]
[Round "5.5"]
[White "Gurevich, Vladimir"]
[Black "Hovhannisyan, Mher"]
[Result "1/2-1/2"]
[WhiteElo "2471"]
[BlackElo "2458"]
[PlyCount "30"]
[EventDate "2017.??.??"]

1. e4 e6 2. d4 d5 3. Nc3 Nf6 4. e5 Nfd7 5. f4 c5 6. Nf3 Nc6 7. Be3 Be7 8. Qd2
O-O 9. dxc5 Nxc5 10. Nd4 Nxd4 11. Bxd4 b6 12. Be2 Bb7 13. O-O Rc8 14. Rad1 a6
15. Qe3 Qc7 {(=)} 1/2-1/2

[Event "2.BLW 1617 SV Würselen - SV Hofheim"]
[Site "?"]
[Date "2017.02.05"]
[Round "5.6"]
[White "Cekro, Ekrem"]
[Black "Zude, Erik"]
[Result "0-1"]
[WhiteElo "2404"]
[BlackElo "2408"]
[PlyCount "128"]
[EventDate "2017.??.??"]

1. c4 e5 2. g3 d6 3. Bg2 f5 4. Nc3 Nf6 5. d3 Be7 6. e4 c6 7. Nge2 O-O 8. h3
fxe4 9. dxe4 a6 10. a4 a5 11. Be3 Na6 12. O-O Be6 13. b3 Qd7 14. Kh2 Rae8 15.
Qd2 Bd8 16. Rad1 Bc7 17. Nc1 Qf7 18. Qe2 Nc5 19. Qc2 Qh5 20. f3 b6 21. Nd3 Nfd7
22. Ne2 Nxd3 23. Rxd3 Nc5 24. Rd2 Bc8 25. Qd1 Qg6 26. h4 Rf7 27. Ng1 Ref8 28.
Bxc5 bxc5 29. Bh3 Bxh3 30. Nxh3 Rb8 31. Rd3 Rbf8 32. Qd2 h6 33. Kg2 Qh5 34. Qe1
Qg6 35. Qd1 Qh5 36. Nf2 Bd8 37. Ng4 Be7 38. Ne3 Qg6 39. Kh2 h5 40. Nf5 Rxf5 41.
exf5 Qxf5 42. Qb1 g5 43. hxg5 h4 44. f4 e4 45. Rd2 hxg3+ 46. Kg2 Rf7 47. Qe1 d5
48. Qxg3 d4 49. Qh3 e3 50. Qxf5 Rxf5 51. Re2 Bd6 52. Kg3 Rxg5+ 53. Kf3 Rh5 54.
Rg2+ Kf7 55. Rfg1 Bf8 56. Rg5 Rh3+ 57. R1g3 Rh2 58. Rg2 Rh3+ 59. Ke2 Be7 60.
Rg7+ Kf6 61. R2g6+ Kf5 62. Rg3 Rxg3 63. Rxg3 Ke4 64. f5 d3+ 0-1

[Event "2.BLW 1617 SV Würselen - SV Hofheim"]
[Site "?"]
[Date "2017.02.05"]
[Round "5.7"]
[White "Zude, Arno"]
[Black "Docx, Stefan"]
[Result "0-1"]
[WhiteElo "2390"]
[BlackElo "2405"]
[PlyCount "68"]
[EventDate "2017.??.??"]

1. e4 e5 2. Nf3 Nc6 3. Bb5 a6 4. Ba4 Nf6 5. O-O b5 6. Bb3 Bb7 7. Re1 Bc5 8. c3
d6 9. d4 Bb6 10. a4 O-O 11. Bg5 h6 12. Bh4 Re8 13. axb5 Na5 14. bxa6 Nxb3 15.
Qxb3 Bxa6 16. Nbd2 g5 17. Bg3 Nh5 18. dxe5 dxe5 19. Nc4 Bxc4 20. Qxc4 Rxa1 21.
Rxa1 Nxg3 22. hxg3 Qf6 23. Qe2 Rd8 24. Rf1 Qd6 25. g4 f6 26. g3 Qe6 27. Nd2 h5
28. Nc4 hxg4 29. Kg2 Kg7 30. Rh1 Qd7 31. b4 Ba7 32. Ra1 Bb6 33. Ra2 Qf7 34. Ra6
Qh5 0-1

[Event "2.BLW 1617 SV Würselen - SV Hofheim"]
[Site "?"]
[Date "2017.02.05"]
[Round "5.8"]
[White "Beukema, Stefan"]
[Black "Weber, Ulrich"]
[Result "1-0"]
[WhiteElo "2398"]
[BlackElo "2375"]
[PlyCount "68"]
[EventDate "2017.??.??"]

1. e4 c5 2. Nf3 d6 3. d4 cxd4 4. Nxd4 Nf6 5. Nc3 a6 6. h3 e5 7. Nde2 h5 8. g3
Be7 9. Bg2 Nbd7 10. a4 b6 11. O-O Bb7 12. Bg5 Rc8 13. Qd2 O-O 14. Rad1 Qc7 15.
Nc1 Rfd8 16. N1a2 Qb8 17. Rfe1 Rc4 18. Qe3 Rdc8 19. Bf1 R4c5 20. b3 Qc7 21. Bc4
Rxc4 22. bxc4 Qxc4 23. Bxf6 Nxf6 24. Qxb6 Ba8 25. Rd3 Nd7 26. Qa7 Qe6 27. Nd5
Bf6 28. Rc3 Nc5 29. Nab4 Qxh3 30. Nb6 Bxe4 31. Rxe4 Nxe4 32. Nxc8 Nd2 33. Rd3
Kh7 34. Qxf7 e4 1-0

[Event "2.BLW 1617 Düsseldorfer SK - SF Katernb"]
[Site "?"]
[Date "2017.02.05"]
[Round "5.2"]
[White "Kohlweyer, Bernd"]
[Black "Pijpers, Arthur"]
[Result "1-0"]
[WhiteElo "2326"]
[BlackElo "2444"]
[PlyCount "95"]
[EventDate "2017.??.??"]

1. d4 d5 2. c4 c6 3. Nf3 Nf6 4. e3 e6 5. b3 Nbd7 6. Bb2 Ne4 7. Bd3 f5 8. O-O
Bd6 9. Qc1 O-O 10. Ba3 Qf6 11. Bxd6 Nxd6 12. Nc3 Ne4 13. Ne2 g5 14. Qb2 Qg7 15.
Rac1 g4 16. Nd2 Ndf6 17. Nf4 Bd7 18. Bxe4 fxe4 19. Qa3 Ne8 20. Rfd1 Rf5 21. Nf1
Qf8 22. Qb2 Nd6 23. Qd2 a5 24. Ng3 Rg5 25. Qb2 a4 26. Qc3 b5 27. Qb4 axb3 28.
axb3 bxc4 29. bxc4 dxc4 30. Ra1 Rb5 31. Qd2 Rxa1 32. Rxa1 Qb8 33. Qd1 Kf7 34.
Rc1 Rg5 35. h4 gxh3 36. Nxh3 Rb5 37. Kh2 Ke7 38. Qg4 Kd8 39. Qf4 Rb2 40. Ng5
Nf5 41. Qxb8+ Rxb8 42. N3xe4 Rb4 43. Nxh7 Kc7 44. Nhg5 Bc8 45. Nf7 Kb6 46. g4
Ne7 47. Ne5 Ba6 48. Kg3 1-0

[Event "2.BLW 1617 Düsseldorfer SK - SF Katernb"]
[Site "?"]
[Date "2017.02.05"]
[Round "5.3"]
[White "Admiraal, Miguoel"]
[Black "Schuh, Dirk"]
[Result "0-1"]
[WhiteElo "2441"]
[BlackElo "2368"]
[PlyCount "85"]
[EventDate "2017.??.??"]

1. e4 c5 2. Nf3 e6 3. d4 cxd4 4. Nxd4 Nf6 5. Nc3 Nc6 6. a3 d5 7. exd5 exd5 8.
Be2 Be7 9. O-O O-O 10. Bf4 Be6 11. Re1 Nxd4 12. Qxd4 a6 13. Rad1 Rc8 14. Be5
Nd7 15. Bg3 Bf6 16. Qb4 a5 17. Qxb7 Bxc3 18. bxc3 Rxc3 19. Qb2 Qc8 20. Bd3 Rc6
21. Qd4 Qd8 22. Qa4 Rc8 23. Qd4 Qf6 24. Qxf6 Nxf6 25. f3 Nd7 26. Rb1 Nc5 27.
Bb5 Rfd8 28. Bh4 f6 29. Bf2 Bf5 30. Re2 Nd7 31. Rd1 Ne5 32. Bb6 Rd6 33. Bxa5
Rxc2 34. Bc7 Rxc7 35. f4 Ng6 36. a4 Rd8 37. h3 Nxf4 38. Rf2 g5 39. a5 Rc5 40.
Rb2 Rb8 41. a6 Rcxb5 42. Rxd5 Nxd5 43. a7 0-1

[Event "2.BLW 1617 Düsseldorfer SK - SF Katernb"]
[Site "?"]
[Date "2017.02.05"]
[Round "5.4"]
[White "Stark, Lars"]
[Black "Ris, Robert"]
[Result "1/2-1/2"]
[WhiteElo "2401"]
[BlackElo "2415"]
[PlyCount "105"]
[EventDate "2017.??.??"]

1. c4 e6 2. g3 d5 3. Bg2 dxc4 4. Qa4+ Nd7 5. Qxc4 a6 6. Qc2 c5 7. a4 Ngf6 8. d3
Be7 9. a5 O-O 10. Nf3 Nd5 11. Nbd2 b5 12. axb6 N7xb6 13. O-O Bb7 14. Nb3 Nb4
15. Qd1 Rc8 16. Na5 Bd5 17. b3 Bf6 18. Ra3 Bxf3 19. Bxf3 N6d5 20. Bd2 Bb2 21.
Ra4 Qf6 22. Nc4 Bc3 23. Nd6 Bxd2 24. Qxd2 Rc7 25. Rc1 Qe7 26. Ne4 Rfc8 27. Ra5
h6 28. Nc3 Nxc3 29. Rxc3 Qd6 30. Rc4 Qb6 31. Ra3 Nc6 32. Bxc6 Rxc6 33. Rg4 e5
34. Rga4 Rd8 35. Qe3 f6 36. Qc1 Rd4 37. Ra5 Rb4 38. Qc2 Kh8 39. Ra1 Kg8 40.
R5a4 Kh8 41. Rc1 Qb5 42. Rxb4 Qxb4 43. Qc4 Qxc4 44. Rxc4 Rb6 45. Rxc5 Rxb3 46.
Rc8+ Kh7 47. Kg2 Rb2 48. Kf3 Kg6 49. Rc7 h5 50. Ra7 Ra2 51. Ke3 Ra4 52. h4 a5
53. Kf3 1/2-1/2